[Event "Pyramiden Cup 2016"]
[Site "Fuerth"]
[Date "2016.09.02"]
[Round "3.46"]
[White "Khalil, Shayar"]
[Black "Michel, Philipp"]
[Result "1-0"]
[WhiteElo "1846"]
[BlackElo "1683"]
[PlyCount "69"]
[EventDate "2016.??.??"]
[WhiteTeam "SC Ansbach"]
[BlackTeam "SC Erlangen"]

1. e4 c6 2. d4 d5 3. Nc3 dxe4 4. Nxe4 Bf5 5. Ng3 Bg6 6. Nf3 Nd7 7. Bc4 e6 8.
Bg5 Qa5+ 9. c3 Bd6 10. O-O Ngf6 11. Re1 Bf5 12. b4 Qc7 13. Nxf5 O-O 14. Nxd6
Qxd6 15. Ne5 b5 16. Bd3 Nd5 17. Nxd7 Qxd7 18. Qh5 f5 19. Bd2 Rf6 20. Re5 Rg6
21. Rae1 Qf7 22. Qe2 Nc7 23. a4 a6 24. a5 h5 25. h4 Rg4 26. Bg5 f4 27. Qe4 Kf8
28. Qxc6 f3 29. d5 Rxg2+ 30. Kh1 Re8 31. dxe6 Rxe6 32. Rxe6 Rxg5 33. hxg5 Qf4
34. Re8+ Kf7 35. Qg6# 1-0

[Event "Pyramiden Cup 2016"]
[Site "Fuerth"]
[Date "2016.09.02"]
[Round "3.47"]
[White "Noeckler, Alexander"]
[Black "Dreiseitel, Werner"]
[Result "1-0"]
[WhiteElo "1887"]
[BlackElo "1599"]
[PlyCount "61"]
[EventDate "2016.??.??"]
[WhiteTeam "SK Weiden"]
[BlackTeam "SG Fürth"]

1. c4 c6 2. Nf3 e6 3. e3 d5 4. Qc2 Nf6 5. Be2 Nbd7 6. b3 Bd6 7. Bb2 e5 8. d3
O-O 9. O-O Re8 10. Nbd2 h6 11. cxd5 cxd5 12. h3 a6 13. Rac1 Qa5 14. e4 Rb8 15.
exd5 Qxd5 16. Nc4 Bc5 17. Ncxe5 Nxe5 18. Nxe5 Bd4 19. Bxd4 Qxd4 20. Nf3 Qd6 21.
d4 Be6 22. Rfe1 Rbc8 23. Qd3 Qa3 24. Qb1 Nd5 25. Rxc8 Rxc8 26. Bc4 b5 27. Bxd5
Bxd5 28. Qf5 Be6 29. Rxe6 g6 30. Qf6 fxe6 31. Qxe6+ 1-0

[Event "Pyramiden Cup 2016"]
[Site "Fuerth"]
[Date "2016.09.02"]
[Round "3.49"]
[White "Weissmann, Peter"]
[Black "Boese, Christina"]
[Result "1/2-1/2"]
[WhiteElo "1778"]
[BlackElo "1555"]
[PlyCount "63"]
[EventDate "2016.??.??"]
[WhiteTeam "SK Zirndorf"]
[BlackTeam "SC Bechhofen"]

1. e4 c6 2. d4 d5 3. e5 Bf5 4. Ne2 e6 5. Ng3 Bg6 6. Bd3 Bxd3 7. Qxd3 Qa5+ 8. c3
Qa6 9. Qxa6 Nxa6 10. b4 Nc7 11. a4 Ne7 12. O-O Nc8 13. f4 g6 14. Be3 h5 15. Nd2
Be7 16. Rfb1 b5 17. axb5 cxb5 18. Ra5 Nb6 19. Ne2 Nc4 20. Nxc4 dxc4 21. Rba1 a6
22. Kf2 Kd7 23. Kf3 Kc6 24. Ng3 Kb7 25. Ne4 Nd5 26. Bd2 Rhd8 27. Ke2 Rdc8 28.
g3 Nb6 29. R5a2 Nd5 30. Rf1 Rf8 31. h4 Kb6 32. Rfa1 1/2-1/2

[Event "Pyramiden Cup 2016"]
[Site "Fuerth"]
[Date "2016.09.02"]
[Round "3.50"]
[White "Semenova, Alisa"]
[Black "Mitin, Daniel"]
[Result "1-0"]
[WhiteElo "1646"]
[BlackElo "1146"]
[PlyCount "83"]
[EventDate "2016.??.??"]
[WhiteTeam "SC NT Nürnberg"]
[BlackTeam "SG Büchenbach/Roth"]

1. e4 e5 2. Bc4 Nc6 3. d3 Bc5 4. Ne2 Nf6 5. O-O O-O 6. Nbc3 h6 7. Qe1 Nb4 8.
Bb3 d5 9. a3 Nc6 10. Nxd5 Nxd5 11. Bxd5 Nd4 12. Nxd4 Bxd4 13. c3 Bc5 14. b4 Be7
15. Qe2 c6 16. Bb3 Bg5 17. f4 exf4 18. Bxf4 Kh8 19. Bxg5 Qxg5 20. Bxf7 c5 21.
Bd5 Rxf1+ 22. Rxf1 Bg4 23. Qf2 cxb4 24. cxb4 Qe7 25. Qf7 Qd8 26. Qxb7 Rc8 27.
Qxa7 Be2 28. Re1 Bxd3 29. Qe3 Rc3 30. Rd1 Rxa3 31. Bc4 Qf6 32. Bxd3 Ra1 33.
Rxa1 Qxa1+ 34. Bf1 Qb1 35. Qd4 Kh7 36. e5 Qe1 37. b5 Qa5 38. b6 Qa8 39. e6 Qc6
40. Bd3+ Kg8 41. Qd8+ Qe8 42. Qxe8# 1-0

[Event "Pyramiden Cup 2016"]
[Site "Fuerth"]
[Date "2016.09.02"]
[Round "3.51"]
[White "Pfadenhauer, Tobias"]
[Black "Adiyaman, Rene"]
[Result "1/2-1/2"]
[WhiteElo "1819"]
[BlackElo "1882"]
[PlyCount "37"]
[EventDate "2016.??.??"]
[WhiteTeam "Kronacher SK"]
[BlackTeam "DBSB"]

1. d4 d5 2. Nf3 Nf6 3. Bg5 e6 4. e3 c5 5. c3 Be7 6. Bd3 Nbd7 7. O-O O-O 8. Nbd2
b6 9. Ne5 Bb7 10. f4 Nxe5 11. fxe5 Ne4 12. Bxe7 Qxe7 13. Bxe4 dxe4 14. Qg4 cxd4
15. exd4 e3 16. Ne4 Kh8 17. Rae1 f5 18. exf6 gxf6 19. Qh4 1/2-1/2

[Event "Pyramiden Cup 2016"]
[Site "Fuerth"]
[Date "2016.09.02"]
[Round "3.52"]
[White "Merkel, Luis"]
[Black "Lindenmair, Anton"]
[Result "1/2-1/2"]
[WhiteElo "1571"]
[BlackElo "1997"]
[PlyCount "43"]
[EventDate "2016.??.??"]
[WhiteTeam "SG Büchenbach/Roth"]
[BlackTeam "DBSB"]

1. e4 e5 2. Nf3 Nf6 3. Nxe5 d6 4. Nf3 Nxe4 5. d3 Nf6 6. Nc3 Nc6 7. Bg5 Be7 8.
Be2 Be6 9. O-O O-O 10. d4 d5 11. Re1 Ne4 12. Nxe4 dxe4 13. Bxe7 Qxe7 14. Nd2
Nxd4 15. Nxe4 Rad8 16. Bd3 Qh4 17. c3 Nc6 18. Qc2 Ne5 19. Rad1 Bf5 20. Nf6+
Qxf6 21. Bxf5 g6 22. Be4 1/2-1/2

[Event "Pyramiden Cup 2016"]
[Site "Fuerth"]
[Date "2016.09.02"]
[Round "3.53"]
[White "Eichstaedt, Mirko"]
[Black "Kunin, Vitaly"]
[Result "0-1"]
[WhiteElo "2236"]
[BlackElo "2595"]
[PlyCount "80"]
[EventDate "2016.??.??"]
[WhiteTeam "DBSB"]
[BlackTeam "Freibauer Mörlenbach"]

1. d4 Nf6 2. Nf3 e6 3. g3 b5 4. Bg2 Bb7 5. O-O c5 6. Bg5 Be7 7. c3 Na6 8. Nbd2
O-O 9. Re1 cxd4 10. Nxd4 Bxg2 11. Kxg2 b4 12. cxb4 Qb6 13. N2f3 Bxb4 14. Rf1
Ne4 15. Be3 Qb7 16. a3 Be7 17. b4 Nc7 18. Nb3 Nd5 19. Bd4 Rac8 20. Qd3 f5 21.
Rfc1 g5 22. Kg1 g4 23. Nfd2 Ng5 24. f3 Nh3+ 25. Kf1 d6 26. Na5 Qa8 27. Rxc8
Qxc8 28. Bxa7 Bg5 29. Nac4 Qa8 30. Bf2 e5 31. e4 fxe4 32. Qxe4 gxf3 33. Qg4 Qc8
34. Qxc8 Rxc8 35. b5 Bxd2 36. Nxd2 Nxf2 37. Kxf2 Rc2 38. Ke1 f2+ 39. Ke2 e4 40.
b6 e3 0-1

[Event "Pyramiden Cup 2016"]
[Site "Fuerth"]
[Date "2016.09.02"]
[Round "3.54"]
[White "Wieczorek, Heinz"]
[Black "Riegler, Dieter"]
[Result "0-1"]
[WhiteElo "1793"]
[BlackElo "2054"]
[PlyCount "62"]
[EventDate "2016.??.??"]
[WhiteTeam "SW Nürnberg Süd"]
[BlackTeam "DBSB"]

1. e4 c5 2. Nf3 d6 3. d4 cxd4 4. Nxd4 Nf6 5. f3 e5 6. Nb3 Be6 7. c4 Qc7 8. Qe2
a6 9. Nc3 h6 10. Be3 Be7 11. Nd5 Nxd5 12. cxd5 Bc8 13. Rc1 Qd8 14. Qf2 Nd7 15.
h4 Rb8 16. g3 b6 17. Be2 Nc5 18. O-O O-O 19. Nxc5 bxc5 20. Bd3 Qd7 21. g4 Qd8
22. h5 Bg5 23. Bxg5 Qxg5 24. Rc2 f5 25. exf5 Bxf5 26. Bxf5 Rxf5 27. Qg2 Rf4 28.
Rd1 e4 29. Qe2 exf3 30. Qe6+ Kh8 31. Qxd6 Rxg4+ 0-1

[Event "Pyramiden Cup 2016"]
[Site "Fuerth"]
[Date "2016.09.02"]
[Round "3.55"]
[White "Weissig, Kersten"]
[Black "Meyer, Nico"]
[Result "0-1"]
[WhiteElo "1232"]
[BlackElo "1550"]
[PlyCount "72"]
[EventDate "2016.??.??"]
[WhiteTeam "SV Deggendorf"]
[BlackTeam "SC Bechhofen"]

1. e4 e5 2. d4 exd4 3. Qxd4 Nc6 4. Qe3 g6 5. Nc3 Bg7 6. Bc4 d6 7. Nge2 Nf6 8.
Bd2 O-O 9. h3 Re8 10. f3 Nb4 11. O-O-O d5 12. Bb3 Be6 13. Be1 c6 14. Bh4 Qc7
15. Qf4 Qxf4+ 16. Nxf4 Bh6 17. Kb1 Bxf4 18. Bxf6 dxe4 19. Nxe4 Bxb3 20. axb3
Re6 21. Bc3 Nd5 22. Bd2 Bxd2 23. Rxd2 Rae8 24. Re1 f5 25. Rxd5 cxd5 26. Nf6+
Kf7 27. Rxe6 Rxe6 28. Nxh7 Re2 29. Ng5+ Kf6 30. Nh7+ Kg7 31. Ng5 Rxg2 32. Ne6+
Kf6 33. Nf4 Rg1+ 34. Ka2 Ke5 35. Nd3+ Kd4 36. Nf4 Ke3 0-1

[Event "Pyramiden Cup 2016"]
[Site "Fuerth"]
[Date "2016.09.02"]
[Round "3.56"]
[White "Schoebel, Klaus"]
[Black "Weissig, Timon"]
[Result "1/2-1/2"]
[WhiteElo "1742"]
[BlackElo "1020"]
[PlyCount "41"]
[EventDate "2016.??.??"]
[WhiteTeam "SK Herzogenaurach"]
[BlackTeam "SV Deggendorf"]

1. e4 e5 2. Nf3 Nc6 3. Bc4 Nf6 4. Nc3 d6 5. d4 Bg4 6. Be2 Bxf3 7. Bxf3 Nxd4 8.
Bg5 h6 9. Be3 c5 10. Nd5 Nxd5 11. exd5 Be7 12. c3 Nxf3+ 13. Qxf3 Bg5 14. O-O
O-O 15. Rfe1 Re8 16. Rad1 Qf6 17. Qh3 Re7 18. Bxg5 Qxg5 19. Re3 Rae8 20. Rg3
Qf6 21. Rf3 1/2-1/2

[Event "Pyramiden Cup 2016"]
[Site "Fuerth"]
[Date "2016.09.02"]
[Round "3.57"]
[White "Plinz, Tim"]
[Black "Siewert, Wolfgang"]
[Result "1/2-1/2"]
[WhiteElo "1060"]
[BlackElo "1736"]
[PlyCount "54"]
[EventDate "2016.??.??"]
[WhiteTeam "SK Schwanstetten"]
[BlackTeam "SV Ei Reichenbrand"]

1. e4 g6 2. d4 Bg7 3. Nf3 c5 4. Bc4 cxd4 5. Nxd4 Nc6 6. Nxc6 bxc6 7. Nc3 d6 8.
O-O Be6 9. Bxe6 fxe6 10. Re1 e5 11. Be3 Nh6 12. Qd2 Nf7 13. Rac1 O-O 14. Ne2
Qb8 15. b3 a5 16. c4 Qb4 17. Qxb4 axb4 18. Rc2 c5 19. Ra1 Bh6 20. Bxh6 Nxh6 21.
a3 bxa3 22. Rca2 Ng4 23. f3 Nf6 24. Rxa3 Rxa3 25. Rxa3 Rb8 26. Nc3 Kf7 27. Nb5
Rb7 1/2-1/2

[Event "Pyramiden Cup 2016"]
[Site "Fuerth"]
[Date "2016.09.02"]
[Round "3.58"]
[White "Suva, Karl"]
[Black "Cordts, Elof"]
[Result "0-1"]
[WhiteElo "1646"]
[BlackElo "1649"]
[PlyCount "150"]
[EventDate "2016.??.??"]
[WhiteTeam "vereinslos"]
[BlackTeam "SC Erlangen"]

1. e4 c5 2. Nf3 d6 3. h3 Nf6 4. Nc3 e5 5. Bc4 Be7 6. O-O O-O 7. d3 Nbd7 8. Nh2
Nb6 9. Bb3 d5 10. f4 exf4 11. e5 Ne8 12. Bxf4 c4 13. Ba4 Nxa4 14. Nxa4 Nc7 15.
Nc3 Ne6 16. Bg3 Qc7 17. Nxd5 Qc5+ 18. d4 Qxd5 19. c3 b6 20. Ng4 Bb7 21. Rf2 Ng5
22. Ne3 Nxh3+ 23. Kh2 Nxf2 24. Nxd5 Nxd1 25. Nxe7+ Kh8 26. Rxd1 Rae8 27. Nf5
Bd5 28. Nd6 Re6 29. Rf1 Kg8 30. Kg1 a6 31. Rf2 f6 32. Re2 f5 33. Bh4 h6 34. Be1
g5 35. Bd2 Kg7 36. g3 Kg6 37. Rh2 h5 38. Kf2 Rh8 39. Bxg5 Rxd6 40. exd6 Kxg5
41. Ke3 Rd8 42. b4 Rxd6 43. a4 Bf7 44. Rh4 Re6+ 45. Kf2 Re4 46. Rh1 Bd5 47. Rd1
f4 48. Rg1 fxg3+ 49. Rxg3+ Rg4 50. Re3 Rf4+ 51. Kg1 h4 52. Re7 h3 53. Kh2 Bg2
54. d5 Bxd5 55. Kxh3 Rf6 56. Kg3 Rf3+ 57. Kh2 Kf6 58. Ra7 Rxc3 59. Rxa6 Rc2+
60. Kg3 Ke5 61. Rxb6 Ra2 62. Rb8 Rxa4 63. Kf2 Kd4 64. Ke2 Kc3 65. b5 Rb4 66. b6
Kb2 67. Rd8 Be4 68. Rd4 Bd3+ 69. Kd2 Rxb6 70. Rd7 Bg6 71. Rc7 Rd6+ 72. Ke1 c3
73. Rb7+ Kc1 74. Ra7 Rc6 75. Kf2 Kd2 0-1

[Event "Pyramiden Cup 2016"]
[Site "Fuerth"]
[Date "2016.09.02"]
[Round "4.1"]
[White "Kunin, Vitaly"]
[Black "Ikonnikov, Vyacheslav"]
[Result "1-0"]
[WhiteElo "2595"]
[BlackElo "2538"]
[PlyCount "88"]
[EventDate "2016.??.??"]
[WhiteTeam "Freibauer Mörlenbach"]
[BlackTeam "SF Bad Mergentheim"]

1. d4 Nf6 2. Nf3 e6 3. g3 b6 4. Bg2 Bb7 5. O-O Be7 6. c4 O-O 7. Nc3 Ne4 8. Qc2
Nxc3 9. Qxc3 c5 10. Bf4 d6 11. Rad1 Nd7 12. dxc5 Nxc5 13. b4 Ne4 14. Qd3 Qc8
15. Nd4 Nf6 16. b5 Bxg2 17. Kxg2 d5 18. Nc6 Bc5 19. Be5 dxc4 20. Qxc4 Nd7 21.
Bb2 Re8 22. Qd3 Nf8 23. h4 a6 24. a4 axb5 25. axb5 Qb7 26. h5 h6 27. Ra1 Rxa1
28. Rxa1 Ra8 29. Rxa8 Qxa8 30. Bd4 Bxd4 31. Qxd4 Qb7 32. Qd8 f6 33. Qe8 g6 34.
hxg6 Kg7 35. Kh2 Qd7 36. Qb8 Qd2 37. Qb7+ Kxg6 38. Ne7+ Kh7 39. Nd5+ Kg6 40.
Nf4+ Kf5 41. Qf7 Qd6 42. f3 Ke5 43. Qxf8 Qxf8 44. Ng6+ Kd5 1-0

[Event "Pyramiden Cup 2016"]
[Site "Fuerth"]
[Date "2016.09.02"]
[Round "4.2"]
[White "Braeuer, Franz"]
[Black "Fedorovsky, Michael"]
[Result "1/2-1/2"]
[WhiteElo "2406"]
[BlackElo "2497"]
[PlyCount "38"]
[EventDate "2016.??.??"]
[WhiteTeam "Erfurter SK"]
[BlackTeam "FC Bayern München"]

1. Nf3 Nf6 2. c4 e6 3. g3 d5 4. Bg2 Be7 5. d4 O-O 6. O-O dxc4 7. Ne5 c5 8. dxc5
Qc7 9. Nxc4 Qxc5 10. b3 Rd8 11. Nbd2 Qc7 12. Bb2 Nc6 13. Rc1 Bd7 14. Ne5 Qa5
15. Ndc4 Qa6 16. Nxc6 Bxc6 17. Qc2 Rac8 18. Bxc6 Qxc6 19. Rfd1 Rxd1+ 1/2-1/2

[Event "Pyramiden Cup 2016"]
[Site "Fuerth"]
[Date "2016.09.02"]
[Round "4.3"]
[White "Krivoborodov, Egor"]
[Black "Miller, Eduard"]
[Result "1-0"]
[WhiteElo "2519"]
[BlackElo "2289"]
[PlyCount "41"]
[EventDate "2016.??.??"]
[WhiteTeam "SC Garching"]
[BlackTeam "SC Erlangen"]

1. Nf3 c5 2. g3 Nc6 3. Bg2 g6 4. O-O Bg7 5. c4 d6 6. Nc3 Qd7 7. e3 b6 8. d4 Bb7
9. b3 e6 10. Bb2 Nge7 11. Qd2 O-O 12. dxc5 bxc5 13. Ne4 Bxb2 14. Qxb2 f6 15.
Nxf6+ Rxf6 16. Qxf6 Rf8 17. Qc3 Rxf3 18. Bxf3 Ne5 19. e4 Nf5 20. Bg2 Nd4 21.
Rae1 1-0

[Event "Pyramiden Cup 2016"]
[Site "Fuerth"]
[Date "2016.09.02"]
[Round "4.4"]
[White "Gibicar, Danijel"]
[Black "Goldsworthy, Patrick"]
[Result "0-1"]
[WhiteElo "2278"]
[BlackElo "2139"]
[PlyCount "96"]
[EventDate "2016.??.??"]
[WhiteTeam "SC Eppingen"]
[BlackTeam "SG Siemens Erlangen"]

1. e4 c5 2. Nf3 d6 3. d4 cxd4 4. Nxd4 Nf6 5. Nc3 a6 6. Be3 e5 7. Nb3 Be6 8. h3
Nc6 9. Qf3 Be7 10. O-O-O Qc7 11. Kb1 Rc8 12. g4 b5 13. g5 Nd7 14. Bd3 Nb4 15.
Nd5 Bxd5 16. exd5 Nxd3 17. cxd3 Qd8 18. Rc1 Rxc1+ 19. Rxc1 O-O 20. Qg4 Nb6 21.
Qg2 Na4 22. Rc6 a5 23. Qg4 g6 24. h4 h5 25. Qe4 Qd7 26. Bd2 Qh3 27. Rc1 b4 28.
Rh1 Qd7 29. Nxa5 Nc5 30. Qc4 Qf5 31. Nc6 Bd8 32. Bxb4 Nxd3 33. Ka1 Nxb4 34.
Qxb4 Qf3 35. Rc1 Qxd5 36. Qb7 Qd2 37. Rb1 Qxf2 38. Qd7 Bb6 39. Qxd6 e4 40. Ne7+
Kg7 41. Qe5+ Kh7 42. Qxe4 Bd4 43. Nc6 Bg7 44. a4 Rc8 45. Nb4 Rb8 46. Ka2 Qb6
47. Nd3 Qb3+ 48. Ka1 Qa3#  0-1

[Event "Pyramiden Cup 2016"]
[Site "Fuerth"]
[Date "2016.09.02"]
[Round "4.5"]
[White "Pap, Misa"]
[Black "Giessmann, Stephan"]
[Result "1-0"]
[WhiteElo "2493"]
[BlackElo "2252"]
[PlyCount "55"]
[EventDate "2016.??.??"]
[WhiteTeam "SC Hansa Dortmund"]
[BlackTeam "SK Kelheim"]

1. e4 e6 2. d4 d5 3. Nd2 h6 4. Bd3 Nf6 5. e5 Nfd7 6. c3 c5 7. f4 Nc6 8. Ndf3
cxd4 9. cxd4 Be7 10. h4 O-O 11. Ne2 f6 12. Bb1 a5 13. a3 f5 14. h5 b5 15. b3
Rf7 16. Rg1 Nf8 17. g4 Kh8 18. g5 Nd7 19. Nh4 Ba6 20. Ng6+ Kh7 21. Ra2 Qb6 22.
Be3 b4 23. a4 Bxe2 24. Rxe2 Rc8 25. Reg2 Ncb8 26. Nxe7 Rxe7 27. gxh6 gxh6 28.
Qg4 1-0

[Event "Pyramiden Cup 2016"]
[Site "Fuerth"]
[Date "2016.09.02"]
[Round "4.6"]
[White "Colpe, Malte"]
[Black "Schulz, Lukas"]
[Result "0-1"]
[WhiteElo "2394"]
[BlackElo "2147"]
[PlyCount "77"]
[EventDate "2016.??.??"]
[WhiteTeam "Hamburger SK"]
[BlackTeam "SC Forchheim"]

1. d4 Nf6 2. c4 g6 3. Nc3 Bg7 4. e4 d6 5. f4 c5 6. d5 O-O 7. Nf3 e6 8. Be2 exd5
9. cxd5 Re8 10. e5 dxe5 11. fxe5 Ng4 12. e6 fxe6 13. d6 Ne5 14. Be3 Nxf3+ 15.
Bxf3 Qh4+ 16. Bf2 Qb4 17. Qd2 Nc6 18. a3 Qa5 19. Bxc6 bxc6 20. O-O Bd7 21. Rad1
Rab8 22. Ne4 Qd8 23. Rb1 Rf8 24. Nxc5 Rf5 25. Qe2 Rd5 26. Rfd1 Bc8 27. Ne4 Be5
28. Bxa7 Rb7 29. Bc5 Bxh2+ 30. Kxh2 Qh4+ 31. Kg1 Rh5 32. d7 Qh2+ 33. Kf1 Rf5+
34. Ke1 Rxd7 35. Rxd7 Bxd7 36. Kd2 Qf4+ 37. Kc2 Bc8 38. Re1 h5 39. Qd2  0-1

[Event "Pyramiden Cup 2016"]
[Site "Fuerth"]
[Date "2016.09.02"]
[Round "4.7"]
[White "Braun, Michael"]
[Black "Milov, Leonid"]
[Result "0-1"]
[WhiteElo "2051"]
[BlackElo "2416"]
[PlyCount "110"]
[EventDate "2016.??.??"]
[WhiteTeam "SG Büchenbach/Roth"]
[BlackTeam "SC NT Nürnberg"]

1. d4 f5 2. g3 Nf6 3. Bg2 e6 4. Nf3 d5 5. O-O Bd6 6. Bf4 O-O 7. Nbd2 Bxf4 8.
gxf4 Nbd7 9. e3 Qe7 10. c3 Kh8 11. Kh1 b6 12. Rg1 Ng4 13. Qe1 Ba6 14. Bf1 Bxf1
15. Qxf1 a6 16. Qe2 Rf6 17. Rg2 Rh6 18. Rag1 c5 19. Ne5 Ngxe5 20. fxe5 g6 21.
f4 b5 22. Nf3 c4 23. Rb1 Nb6 24. Ng5 Rh5 25. Qd1 Rg8 26. Qe2 Qe8 27. Rbg1 h6
28. Nf3 Rh3 29. Qf1 Na4 30. a3 Kh7 31. Qf2 Qe7 32. Rg3 Rxg3 33. hxg3 a5 34. Qc2
Nb6 35. g4 fxg4 36. Rxg4 Qf7 37. Nh4 Nc8 38. Rg2 Ne7 39. Kg1 Kh8 40. a4 b4 41.
cxb4 axb4 42. a5 g5 43. Nf3 gxf4 44. exf4 Qxf4 45. Rxg8+ Kxg8 46. a6 Qg3+ 47.
Qg2 Qxg2+ 48. Kxg2 Nc6 49. Kg3 Kf7 50. Kg4 Ke7 51. Kh5 Kd7 52. Kxh6 Kc7 53. Kg7
c3 54. a7 Kb7 55. bxc3 bxc3  0-1

[Event "Pyramiden Cup 2016"]
[Site "Fuerth"]
[Date "2016.09.02"]
[Round "4.8"]
[White "Meulner, Klaus"]
[Black "Steinbacher, Matthias"]
[Result "0-1"]
[WhiteElo "2124"]
[BlackElo "2182"]
[PlyCount "69"]
[EventDate "2016.??.??"]
[WhiteTeam "SW Nürnberg Süd"]
[BlackTeam "vereinslos"]

1. d4 Nf6 2. c4 d6 3. g3 e5 4. Nf3 e4 5. Nh4 h6 6. Nc3 c6 7. d5 Na6 8. Ng2 g5
9. h4 Rg8 10. hxg5 hxg5 11. Ne3 Qe7 12. dxc6 bxc6 13. Qa4 Qb7 14. Ned5 Nxd5 15.
Nxd5 Rg6 16. Be3 Bg7 17. Bg2 f5 18. g4 Kf7 19. gxf5 Bxf5 20. Nc3 Re8 21. O-O-O
Nc5 22. Qc2 Qb4 23. Rd4 Re5 24. Rhd1 a5 25. Kb1 a4 26. a3 Qb8 27. Nxa4 Nb3 28.
Rxd6 Rxd6 29. Rxd6 Qxd6 30. Qxb3 c5 31. Nc3 Re8 32. Nb5 Qe5 33. Bf1 Be6 34. Bd2
e3 35. fxe3  0-1

[Event "Pyramiden Cup 2016"]
[Site "Fuerth"]
[Date "2016.09.02"]
[Round "4.9"]
[White "Loew, Gerald"]
[Black "Bunk, Karsten"]
[Result "1-0"]
[WhiteElo "2241"]
[BlackElo "2093"]
[PlyCount "105"]
[EventDate "2016.??.??"]
[WhiteTeam "TSV Bindlach"]
[BlackTeam "SW Nürnberg Süd"]

1. c4 c5 2. g3 Nc6 3. Bg2 g6 4. Nc3 Bg7 5. a3 e6 6. b4 d6 7. Rb1 cxb4 8. axb4
Nge7 9. Nf3 O-O 10. O-O Bd7 11. Qb3 Qc7 12. Bb2 Rac8 13. Rfc1 e5 14. Nd5 Qd8
15. b5 Na5 16. Nxe7+ Qxe7 17. Qb4 b6 18. d3 Rc5 19. Nd2 f5 20. Bc3 Bh6 21. Rc2
Be6 22. Qa3 e4 23. Bb4 e3 24. Nf3 exf2+ 25. Kxf2 f4 26. Bxc5 fxg3+ 27. hxg3
dxc5 28. Rh1 Qg5 29. Qc3 Qe3+ 30. Ke1 Bg4 31. Qe5 Rxf3 32. Qxe3 Rxe3 33. Rxh6
Bh5 34. Kf2 Re7 35. g4 Kg7 36. Rxh5 gxh5 37. gxh5 Kh6 38. Bf3 Nb7 39. Bxb7 Rxb7
40. Kf3 Kxh5 41. e3 Rf7+ 42. Ke4 Kh4 43. d4 cxd4 44. exd4 Re7+ 45. Kd5 Kg3 46.
c5 bxc5 47. dxc5 Rd7+ 48. Ke6 Rc7 49. c6 h5 50. Kd6 Rg7 51. c7 Rg6+ 52. Kd5
Rg5+ 53. Ke4 1-0

[Event "Pyramiden Cup 2016"]
[Site "Fuerth"]
[Date "2016.09.02"]
[Round "4.10"]
[White "Hacker, Jonas"]
[Black "Muetsch, Annmarie"]
[Result "1/2-1/2"]
[WhiteElo "2336"]
[BlackElo "2008"]
[PlyCount "135"]
[EventDate "2016.??.??"]
[WhiteTeam "SC Eppingen"]
[BlackTeam "SC Eppingen"]

1. e4 c5 2. Nf3 Nc6 3. d4 cxd4 4. Nxd4 e5 5. Nb5 d6 6. N1c3 a6 7. Na3 b5 8. Nd5
Nce7 9. c4 Nxd5 10. cxd5 f5 11. exf5 Bxf5 12. Nc2 Nf6 13. a4 Bd7 14. axb5 axb5
15. Rxa8 Qxa8 16. Ne3 Be7 17. Bd3 g6 18. O-O O-O 19. Be2 Qb7 20. Qd3 Rb8 21.
Bd2 Be8 22. Bb4 Bf7 23. Rd1 Qa8 24. h3 Qb7 25. Qb3 Rc8 26. Bf3 Bf8 27. Ng4 Nxg4
28. Bxg4 Rc4 29. Be2 Re4 30. Bf3 Rc4 31. Kh2 Qb6 32. Kg1 Qb7 33. Bc3 e4 34. Be2
Rc5 35. Qb4 Rxd5 36. Rxd5 Qxd5 37. Qxb5 Qxb5 38. Bxb5 Bb3 39. Kf1 Kf7 40. Ke2
Ke6 41. Ba6 d5 42. Bd4 Bh6 43. h4 Bf4 44. g3 Bh6 45. Bb5 Kd6 46. Be8 Ke7 47.
Bb5 Kd6 48. g4 Bf4 49. Ba6 Kd7 50. Bb5+ Kd6 51. Ba6 Kd7 52. f3 Kd6 53. Bb5 Ke6
54. fxe4 dxe4 55. Bc6 Bc4+ 56. Kf2 Bd5 57. Ba4 Bd2 58. Ke2 Bb4 59. Ke3 Be1 60.
h5 gxh5 61. gxh5 Kf5 62. Bc3 Bxc3 63. bxc3 Bf7 64. Bd1 Ke5 65. Bg4 h6 66. Be2
Be8 67. Bd1 Bf7 68. Be2 1/2-1/2

[Event "Pyramiden Cup 2016"]
[Site "Fuerth"]
[Date "2016.09.02"]
[Round "4.11"]
[White "Wenninger, Philipp"]
[Black "Grafe, Wilhelm"]
[Result "1-0"]
[WhiteElo "2372"]
[BlackElo "2158"]
[PlyCount "79"]
[EventDate "2016.??.??"]
[WhiteTeam "SC Erlangen"]
[BlackTeam "SC NT Nürnberg"]

1. d4 Nf6 2. c4 g6 3. Nc3 Bg7 4. e4 d6 5. Nf3 O-O 6. Be2 Nc6 7. O-O a6 8. d5
Nb8 9. h3 e5 10. dxe6 Bxe6 11. Be3 Nc6 12. Qc2 h6 13. Rad1 Qc8 14. Rfe1 Re8 15.
Bf1 Ne5 16. Nxe5 dxe5 17. Nd5 Nd7 18. Rd2 b6 19. Red1 Qb7 20. b4 c6 21. Nc3 b5
22. a4 bxc4 23. Na2 Nb6 24. a5 Nd7 25. Bxc4 Nf8 26. Bb6 Qe7 27. Bc5 Qg5 28. Be3
Qe7 29. Bxe6 Nxe6 30. Rd7 Qh4 31. Qxc6 Nd4 32. Qd5 Qf6 33. Rd6 Qh4 34. Nc3 Rac8
35. Rd7 Rf8 36. Na4 Rc2 37. Nc5 Ne2+ 38. Kh2 Nf4 39. Qb3 Re2 40. R7d2  1-0

[Event "Pyramiden Cup 2016"]
[Site "Fuerth"]
[Date "2016.09.02"]
[Round "4.12"]
[White "Lodes, Hermann"]
[Black "Schunk, Eduard"]
[Result "0-1"]
[WhiteElo "2169"]
[BlackElo "2316"]
[PlyCount "115"]
[EventDate "2016.??.??"]
[WhiteTeam "vereinslos"]
[BlackTeam "vereinslos"]

1. d4 Nf6 2. g3 g6 3. Bg2 Bg7 4. e4 d6 5. Nc3 O-O 6. Nge2 Nbd7 7. h3 e5 8. Be3
exd4 9. Bxd4 Re8 10. O-O c6 11. a4 a5 12. g4 h6 13. Ng3 b6 14. f4 Bb7 15. Qd2
Qe7 16. Rad1 Rad8 17. Rfe1 Qf8 18. Bf2 Nc5 19. Bd4 d5 20. exd5 Nxd5 21. Nxd5
cxd5 22. Bxg7 Qxg7 23. b3 Qb2 24. f5 g5 25. Qf2 Qc3 26. Nh5 Kf8 27. h4 Rxe1+
28. Rxe1 Re8 29. Rxe8+ Kxe8 30. Qe2+ Kd8 31. hxg5 hxg5 32. f6 Ne6 33. Kh1 Kc7
34. Qf2 Qa1+ 35. Kh2 Qe5+ 36. Kh1 Qd4 37. Qg3+ Kd7 38. Qb8 Bc6 39. Qg8 Nd8 40.
Qxg5 Qd1+ 41. Kh2 Qxc2 42. Nf4 d4 43. Qe5 Ne6 44. Nd5 Qxb3 45. g5 Bxd5 46. Bxd5
Qc2+ 47. Bg2 Qc7 48. Qxc7+ Kxc7 49. g6 fxg6 50. Be4 Nf8 51. Kg3 Kd6 52. Kf4 Ke6
53. Kg5 Nh7+ 54. Kxg6 Nxf6 55. Bd3 Nd7 56. Bf5+ Kd6 57. Kg5 Nc5 58. Bc2  0-1

[Event "Pyramiden Cup 2016"]
[Site "Fuerth"]
[Date "2016.09.02"]
[Round "4.13"]
[White "Reis, Gerhard"]
[Black "Kroneder, Christian"]
[Result "1-0"]
[WhiteElo "2193"]
[BlackElo "2070"]
[PlyCount "63"]
[EventDate "2016.??.??"]
[WhiteTeam "SW Nürnberg Süd"]
[BlackTeam "SK Schwanstetten"]

1. Nf3 Nf6 2. c4 c6 3. d4 d5 4. Nc3 e6 5. g3 Nbd7 6. Bg2 Bd6 7. O-O O-O 8. Nd2
h6 9. e4 dxe4 10. Ndxe4 Bc7 11. b3 Nxe4 12. Nxe4 e5 13. Ba3 Re8 14. Nd6 Bxd6
15. Bxd6 exd4 16. Qxd4 Qf6 17. Qd2 Ne5 18. f4 Ng6 19. f5 Ne5 20. c5 Bxf5 21.
Bh3 Nf3+ 22. Rxf3 Qxa1+ 23. Rf1 Qf6 24. Bxf5 Qg5 25. Qc2 Qe3+ 26. Rf2 b6 27.
Kg2 bxc5 28. Bd7 Red8 29. Bf4 Qe7 30. Bxc6 Rac8 31. Re2 Qf6 32. Bb7 1-0

[Event "Pyramiden Cup 2016"]
[Site "Fuerth"]
[Date "2016.09.02"]
[Round "4.14"]
[White "Dorst, Johannes"]
[Black "Eck, Mathias"]
[Result "1-0"]
[WhiteElo "2215"]
[BlackElo "2080"]
[PlyCount "105"]
[EventDate "2016.??.??"]
[WhiteTeam "SK Marburg"]
[BlackTeam "SF Darmstadt"]

1. e4 c6 2. d4 d5 3. Nc3 dxe4 4. Nxe4 Bf5 5. Ng3 Bg6 6. h4 h6 7. Nf3 Nd7 8. h5
Bh7 9. Bd3 Bxd3 10. Qxd3 e6 11. Bd2 Ngf6 12. O-O-O Be7 13. Kb1 Qb6 14. c4 Rd8
15. Ne4 O-O 16. Nc3 Qa6 17. Qe2 Nb6 18. b3 Bb4 19. Ne4 Nxe4 20. Qxe4 Bxd2 21.
Rxd2 Nxc4 22. bxc4 Qxc4 23. Rc1 Qa4 24. Rb2 Rd5 25. Qc2 Qa6 26. g4 c5 27. dxc5
Rc8 28. Qe2 Qa4 29. Nd2 Qf4 30. Nb3 Rcd8 31. Rbc2 Re5 32. Rc4 Qh2 33. Qf3 Red5
34. Qg3 Qxg3 35. fxg3 f5 36. Kc2 fxg4 37. Rxg4 Rxh5 38. Re1 Rh2+ 39. Kc3 Rxa2
40. Rxe6 Kf7 41. Rge4 Rg2 42. Re7+ Kf8 43. Rxb7 Rxg3+ 44. Kc4 Rdd3 45. Nd4 Rc3+
46. Kd5 Rg5+ 47. Kd6 Kg8 48. c6 Rgc5 49. c7 R5c4 50. Rxa7 Kh7 51. Rg4 h5 52.
Rxg7+ Kh6 53. Nf5#  1-0